| 000 | 01851cam a2200277 4500 | ||
|---|---|---|---|
| 001 | ABS66935 | ||
| 008 | 030715n2003 000 0 eng u | ||
| 035 | _a(Sirsi) u123005 | ||
| 100 | _aJones, P. | ||
| 245 | _aBusiness improvement districts: another piece in the UK regeneration jigsaw? | ||
| 260 | _c2003 | ||
| 490 |
_aTown & Country Planning _v72(5) June 2003, 158-161(4) |
||
| 520 | _aFocus on Business Improvement Districts (BIDS) and their role in urban regeneration. BIDS were first established in North America with a general aim of attracting investment to promote safer, cleaner and more attractive commercial public spaces in towns and cities. Expands on the characteristics and various definitions of BIDS and charts the emergence of BIDS in England. BIDS were formally proposed in the Local Government Bill 2002 and the legislation will be implemented in 2004. Defines BIDS under the bill, highlights the perceived benefits for businesses and local authorities and lists the 22 towns named as pilot locations. Although BIDS have generated lots of positive feedback there are a number or unresolved issues that need to be addressed. These include the challenge of guaranteeing stakeholder support and agreement among different stakeholders, the relationship between private sector interests and local authorities, the possible displacement of problems to other areas of the town or city and the need for BIDS not to conflict with other regeneration schemes. References. | ||
| 590 | _aABS | ||
| 650 | _aBUSINESS IMPROVEMENT DISTRICTS | ||
| 650 | _aLOCAL GOVERNMENT BILL | ||
| 650 | _aPUBLIC SPACE | ||
| 650 | _aBUSINESS COMMUNITY | ||
| 650 | _aLOCAL AUTHORITIES | ||
| 650 | _aBUSINESS RATES | ||
| 650 | _aURBAN REGENERATION | ||
| 690 | _aREGENERATION | ||
| 700 | _aHillier, D. | ||
| 700 | _aComfort, D. | ||
| 942 | _n0 | ||
| 999 |
_c73041 _d73041 |
||